[Event "Junior Online 4NCL Division 5"]
[Site "online"]
[Date "2020.05.28"]
[Round "7.162"]
[White "Enkhbaatar, Temuulen"]
[Black "Sinha, Aarav"]
[Result "1-0"]
[WhiteElo "634"]
[BlackElo "1202"]
[PlyCount "61"]
[EventDate "2020.05.28"]
[WhiteTeam "Gonzaga College SJ D"]
[BlackTeam "Leicestershire Juniors 3"]

1. e4 e5 2. Nf3 Nc6 3. Bc4 Nf6 4. d3 Bc5 5. Nc3 O-O 6. a3 b6 7. O-O a6 8. Bg5
Be7 9. h3 h6 10. Bh4 Nd4 11. Nxd4 exd4 12. Ne2 d6 13. Nxd4 c5 14. Ne2 Bd7 15.
Nf4 g5 16. Bxg5 hxg5 17. Ne2 Qc7 18. Nc3 b5 19. Ba2 Qb7 20. Qh5 Nxh5 21. Nd5
Bd8 22. Ne3 Nf4 23. g3 Nxh3+ 24. Kh2 Re8 25. Bd5 Bc6 26. Bxc6 Qxc6 27. Kxh3
Qd7+ 28. Kg2 Kg7 29. Nf5+ Kg6 30. Rh1 d5 31. Rh6# 1-0

[Event "Junior Online 4NCL Division 5"]
[Site "online"]
[Date "2020.05.28"]
[Round "7.163"]
[White "Ajaykumar, Arav"]
[Black "Whelan, Cory"]
[Result "1-0"]
[WhiteElo "1135"]
[BlackElo "641"]
[PlyCount "105"]
[EventDate "2020.05.28"]
[WhiteTeam "Leicestershire Juniors 3"]
[BlackTeam "Gonzaga College SJ D"]

1. d4 d5 2. c4 e6 3. cxd5 exd5 4. Nc3 Nf6 5. Nf3 Bb4 6. Bd2 Nc6 7. e3 O-O 8.
Bb5 Bd7 9. Bxc6 Bxc6 10. O-O Ne4 11. Nxe4 Bxd2 12. Nexd2 Bb5 13. Re1 Qd7 14.
Ne5 Qd6 15. a4 f6 16. axb5 fxe5 17. dxe5 Qxe5 18. Rb1 Qf6 19. Rf1 c6 20. bxc6
bxc6 21. e4 Rab8 22. exd5 cxd5 23. Nf3 Rxb2 24. Rxb2 Qxb2 25. Qxd5+ Rf7 26. Re1
h6 27. Ne5 Qc3 28. Qxf7+ Kh7 29. Qg6+ Kg8 30. Nf3 Qc8 31. Re8+ Qxe8 32. Qxe8+
Kh7 33. Qa8 a5 34. Qxa5 Kg8 35. Nh4 Kh7 36. Qf5+ Kg8 37. f4 h5 38. Qxh5 Kf8 39.
Ng6+ Kf7 40. f5 Kf6 41. Nf4 Ke5 42. f6+ Kxf6 43. Qg6+ Ke7 44. Qxg7+ Kd8 45. Qf7
Kc8 46. Qe7 Kb8 47. Qd7 Ka8 48. Kf2 Kb8 49. Ke3 Ka8 50. Kd4 Kb8 51. Kc5 Ka8 52.
Kb6 Kb8 53. Qb7# 1-0

[Event "Junior Online 4NCL Division 5"]
[Site "online"]
[Date "2020.05.28"]
[Round "7.164"]
[White "Maher, James"]
[Black "Lv, Catherine Jia-Ai"]
[Result "1-0"]
[WhiteElo "627"]
[BlackElo "1210"]
[PlyCount "41"]
[EventDate "2020.05.28"]
[WhiteTeam "Gonzaga College SJ D"]
[BlackTeam "Leicestershire Juniors 3"]

1. e4 e5 2. Nf3 Nc6 3. Bb5 Nf6 4. Nc3 Bc5 5. Bxc6 dxc6 6. O-O Qe7 7. d3 Bg4 8.
h3 Bxf3 9. Qxf3 O-O-O 10. Bg5 h6 11. Bxf6 gxf6 12. Rad1 Qd7 13. Na4 Be7 14. Qf5
Qxf5 15. exf5 h5 16. c3 h4 17. d4 exd4 18. cxd4 c5 19. dxc5 Rxd1 20. Rxd1 Rd8
21. Rxd8+ 1-0

[Event "Junior Online 4NCL Division 5"]
[Site "online"]
[Date "2020.05.28"]
[Round "7.165"]
[White "Conway, Tom"]
[Black "Shen, Alex"]
[Result "1-0"]
[WhiteElo "747"]
[BlackElo "1277"]
[PlyCount "81"]
[EventDate "2020.05.28"]
[WhiteTeam "Gonzaga College SJ D"]
[BlackTeam "Leicestershire Juniors 3"]

1. d4 d5 2. Bf4 Nc6 3. Nc3 Bf5 4. e3 e6 5. Nf3 Bb4 6. a3 Ba5 7. b4 Bb6 8. Bd3
Bg6 9. O-O Nf6 10. h3 O-O 11. Re1 Bxd3 12. Qxd3 h6 13. Nd2 Qe7 14. Ne2 Rad8 15.
c4 Rfe8 16. c5 Bxc5 17. bxc5 b6 18. cxb6 cxb6 19. Rec1 Rc8 20. Rc3 Red8 21.
Rac1 Qc7 22. Bxc7 Rxc7 23. Rxc6 Rb7 24. Rc8 Rb8 25. Rxd8+ Rxd8 26. Qa6 Nd7 27.
Rc8 Rxc8 28. Qxc8+ Kh7 29. Qxd7 f6 30. Qxe6 b5 31. Qxd5 a6 32. Qc6 a5 33. Qxb5
a4 34. Qxa4 g6 35. Qd7+ Kg8 36. a4 f5 37. a5 f4 38. Nxf4 g5 39. a6 gxf4 40. a7
h5 41. a8=R# 1-0

[Event "Junior Online 4NCL Division 5"]
[Site "online"]
[Date "2020.05.28"]
[Round "7.166"]
[White "Sinha, Aarav"]
[Black "Enkhbaatar, Temuulen"]
[Result "0-1"]
[WhiteElo "1202"]
[BlackElo "634"]
[PlyCount "62"]
[EventDate "2020.05.28"]
[WhiteTeam "Leicestershire Juniors 3"]
[BlackTeam "Gonzaga College SJ D"]

1. e4 e5 2. Nf3 Nc6 3. Bc4 Nf6 4. d3 d6 5. O-O Bg4 6. h3 Bh5 7. Bg5 Be7 8. Nc3
h6 9. Bh4 O-O 10. Nd5 Nxd5 11. Bxe7 Qxe7 12. Bxd5 Nb4 13. Bb3 Qd7 14. a3 Nc6
15. Ba4 Qe7 16. d4 Bxf3 17. Qxf3 Nxd4 18. Qd3 b6 19. c3 Ne6 20. Bc6 Rab8 21.
Rfe1 Nc5 22. Qc4 Qg5 23. Re3 Ne6 24. Rg3 Qd2 25. Ba4 Nf4 26. Rd1 Qxb2 27. Re1
Qxa3 28. Bb3 b5 29. Qb4 Qb2 30. Rf3 c5 31. Qxb5 Rxb5 0-1

[Event "Junior Online 4NCL Division 5"]
[Site "online"]
[Date "2020.05.28"]
[Round "7.167"]
[White "Whelan, Cory"]
[Black "Ajaykumar, Arav"]
[Result "0-1"]
[WhiteElo "641"]
[BlackElo "1135"]
[PlyCount "42"]
[EventDate "2020.05.28"]
[WhiteTeam "Gonzaga College SJ D"]
[BlackTeam "Leicestershire Juniors 3"]

1. e4 e5 2. Nf3 Nc6 3. Bc4 Bc5 4. b4 Bxb4 5. c3 Bc5 6. d4 Bd6 7. Ng5 Nh6 8. Qf3
O-O 9. O-O exd4 10. cxd4 Nxd4 11. Qd3 Ne6 12. Nxe6 dxe6 13. Bxh6 Qf6 14. Bxg7
Qxg7 15. Nc3 Qe5 16. f4 Qc5+ 17. Kh1 e5 18. Rf3 exf4 19. g3 fxg3 20. Na4 Qh5
21. Rg1 Qxh2# 0-1

[Event "Junior Online 4NCL Division 5"]
[Site "online"]
[Date "2020.05.28"]
[Round "7.168"]
[White "Lv, Catherine Jia-Ai"]
[Black "Maher, James"]
[Result "0-1"]
[WhiteElo "1210"]
[BlackElo "627"]
[PlyCount "126"]
[EventDate "2020.05.28"]
[WhiteTeam "Leicestershire Juniors 3"]
[BlackTeam "Gonzaga College SJ D"]

1. e4 e5 2. Nf3 Nc6 3. Bc4 Nf6 4. Nc3 Bc5 5. O-O d6 6. d3 O-O 7. Bg5 h6 8. Bxf6
Qxf6 9. Nd5 Qd8 10. c3 Be6 11. Nf4 exf4 12. Bxe6 fxe6 13. d4 Bb6 14. e5 dxe5
15. dxe5 Qxd1 16. Raxd1 Rfd8 17. Rxd8+ Rxd8 18. b4 a5 19. a3 axb4 20. axb4 Rd5
21. c4 Rd7 22. c5 Ba7 23. b5 Nb4 24. c6 bxc6 25. bxc6 Nxc6 26. Re1 g5 27. Re2
g4 28. Nd2 Nd4 29. Re1 Nf5 30. Re2 c5 31. Ne4 Kf7 32. Rc2 Ke7 33. h3 gxh3 34.
gxh3 Rd4 35. Nxc5 Bxc5 36. Rxc5 Rd5 37. Rc7+ Rd7 38. Rc8 Rd5 39. Rc7+ Kd8 40.
Ra7 Rxe5 41. f3 Nd4 42. Kf2 Re2+ 43. Kf1 Rh2 44. Ra8+ Ke7 45. Ra7+ Kf6 46. Ra5
Rxh3 47. Kg2 Rxf3 48. Ra4 Rd3 49. Ra2 f3+ 50. Kf2 e5 51. Ke1 e4 52. Rd2 Kf5 53.
Rxd3 exd3 54. Kd2 Ke4 55. Kc3 f2 56. Kd2 f1=Q 57. Kc3 Qc1+ 58. Kb4 Nf5 59. Kb5
Kd5 60. Kb4 Qc4+ 61. Ka5 Qb3 62. Ka6 Kc6 63. Ka7 Qb7# 0-1

[Event "Junior Online 4NCL Division 5"]
[Site "online"]
[Date "2020.05.28"]
[Round "7.171"]
[White "Kanodia, Ramit"]
[Black "Krajci, Patrik"]
[Result "0-1"]
[WhiteElo "770"]
[BlackElo "1255"]
[PlyCount "96"]
[EventDate "2020.05.28"]
[WhiteTeam "Dundee"]
[BlackTeam "SASCA Sharks"]

1. e4 e5 2. Nf3 Nc6 3. Bb5 a6 4. Bxc6 dxc6 5. d3 Bd6 6. Nc3 Bg4 7. h3 Bh5 8. g4
Bg6 9. d4 exd4 10. Qxd4 f6 11. g5 Qe7 12. Bd2 Be5 13. Nxe5 fxe5 14. Qe3 O-O-O
15. O-O-O Bh5 16. Rde1 Qd6 17. f3 Qxd2+ 18. Qxd2 Rxd2 19. Kxd2 Bxf3 20. Rhf1
Bg2 21. Rf8+ Kd7 22. Ke3 Bxh3 23. Rd1+ Ke7 24. Rdd8 h5 25. Rxg8 Rxg8 26. Rxg8
Kf7 27. Rc8 Bxc8 28. Kf3 Kg6 29. Ne2 Kxg5 30. Ng3 h4 31. Ne2 Bg4+ 32. Kf2 Bxe2
33. Ke3 h3 34. Kf2 h2 35. Kg2 Bf3+ 36. Kxh2 Bxe4 37. Kg3 Bxc2 38. Kf3 Kf5 39.
Ke3 g5 40. Kf3 g4+ 41. Kg3 e4 42. Kf2 Kf4 43. Kg2 e3 44. Kf1 g3 45. Kg1 Kf3 46.
Kf1 Bd3+ 47. Kg1 e2 48. Kh1 e1=Q# 0-1

[Event "Junior Online 4NCL Division 5"]
[Site "online"]
[Date "2020.05.28"]
[Round "7.172"]
[White "Wang, Xiaorui"]
[Black "Shepherd, Fiontan"]
[Result "1-0"]
[WhiteElo "1030"]
[BlackElo "458"]
[PlyCount "63"]
[EventDate "2020.05.28"]
[WhiteTeam "SASCA Sharks"]
[BlackTeam "Dundee"]

1. d4 d5 2. c4 dxc4 3. Nf3 Nf6 4. e3 Bg4 5. Bxc4 e6 6. Nc3 Bb4 7. Qa4+ Nc6 8.
Ne5 O-O 9. Nxc6 Bxc3+ 10. bxc3 bxc6 11. O-O Qd7 12. f3 Bh5 13. e4 Rab8 14. Ba3
Rb7 15. Bxf8 Kxf8 16. Rab1 Rxb1 17. Rxb1 g5 18. Qxa7 Bg6 19. Rb8+ Kg7 20. Qc5
Qd6 21. e5 Qxc5 22. exf6+ Kxf6 23. dxc5 h5 24. a4 g4 25. a5 gxf3 26. a6 Be4 27.
a7 fxg2 28. a8=Q Kf5 29. Rf8 f6 30. Qd8 Kf4 31. Rxf6+ Ke3 32. Qd4# 1-0

[Event "Junior Online 4NCL Division 5"]
[Site "online"]
[Date "2020.05.28"]
[Round "7.173"]
[White "Baron, Alexander"]
[Black "Harper, Luke"]
[Result "1-0"]
[WhiteElo "216"]
[BlackElo "1075"]
[PlyCount "189"]
[EventDate "2020.05.28"]
[WhiteTeam "Dundee"]
[BlackTeam "SASCA Sharks"]

1. e4 e5 2. Nf3 f5 3. exf5 d6 4. Nc3 Bxf5 5. Qe2 Nc6 6. d4 Qe7 7. dxe5 Nxe5 8.
Nxe5 Qxe5 9. Qxe5+ dxe5 10. f3 Nf6 11. Nb5 O-O-O 12. Nxa7+ Kb8 13. Nb5 Bc5 14.
c3 Nd5 15. Bg5 Rd7 16. O-O-O h6 17. Bh4 g5 18. Bg3 Be3+ 19. Rd2 Bxd2+ 20. Kxd2
Nb4+ 21. Ke2 Nxa2 22. Kf2 Rd2+ 23. Kg1 Rd1 24. Bxe5 Re8 25. Bxc7+ Ka8 26. Bf4
gxf4 27. Nc7+ Ka7 28. Nxe8 Bd3 29. Kf2 Bxf1 30. Rxf1 Rd2+ 31. Kg1 Rxb2 32. Ra1
Kb6 33. Nd6 Kc6 34. Nc4 Rc2 35. Na5+ Kb6 36. Nc4+ Kc5 37. Na3 b5 38. Nxc2 Nxc3
39. Ra6 Nd5 40. Rxh6 b4 41. Rh8 b3 42. Ne1 Kc4 43. Rc8+ Kb4 44. Rb8+ Kc3 45.
Rc8+ Kd2 46. Kf1 Ne3+ 47. Kf2 Nd1+ 48. Kg1 b2 49. Rc2+ Ke3 50. Rxb2 Nxb2 51.
Nc2+ Ke2 52. h4 Nc4 53. Nd4+ Ke3 54. Nf5+ Kd3 55. h5 Ne5 56. h6 Nf7 57. h7 Kc4
58. Nd6+ Nxd6 59. h8=Q Nb5 60. Qg8+ Kc3 61. Qf8 Nd4 62. Qc5+ Kd3 63. Kf2 Nb3
64. Qf5+ Kc3 65. Qxf4 Nc5 66. Qe3+ Kc4 67. g4 Na4 68. g5 Nb2 69. Qe6+ Kd4 70.
g6 Nd3+ 71. Ke2 Nf4+ 72. Kf2 Nxe6 73. f4 Nxf4 74. g7 Nh3+ 75. Kg3 Ng5 76. g8=Q
Ne4+ 77. Kf3 Nd2+ 78. Ke2 Ne4 79. Qd8+ Ke5 80. Ke3 Nd6 81. Qe7+ Kd5 82. Kf4 Nc4
83. Qf7+ Kd4 84. Qd7+ Kc5 85. Ke4 Kb4 86. Qc7 Nd2+ 87. Kd4 Nb3+ 88. Kd5 Ka4 89.
Qb7 Na5 90. Qa7 Kb5 91. Qc5+ Ka4 92. Qb6 Nb3 93. Kc4 Na5+ 94. Kc3 Nb3 95. Qb4#
1-0

[Event "Junior Online 4NCL Division 5"]
[Site "online"]
[Date "2020.05.28"]
[Round "7.174"]
[White "Dewis, Oliver"]
[Black "Liu, Haoqi"]
[Result "1-0"]
[WhiteElo "1037"]
[BlackElo "200"]
[PlyCount "37"]
[EventDate "2020.05.28"]
[WhiteTeam "SASCA Sharks"]
[BlackTeam "Dundee"]

1. d4 d5 2. c4 dxc4 3. e4 e6 4. Bxc4 Nf6 5. Nd2 Nc6 6. Ngf3 Bb4 7. O-O O-O 8.
Nb3 Nxe4 9. Bd3 Nf6 10. Ne5 Nxe5 11. dxe5 Nd5 12. a3 Bc5 13. Nxc5 b6 14. Ne4
Bb7 15. Qf3 c5 16. Nc3 Rb8 17. Nxd5 Bxd5 18. Qh3 Bc6 19. Qxh7# 1-0

[Event "Junior Online 4NCL Division 5"]
[Site "online"]
[Date "2020.05.28"]
[Round "7.175"]
[White "Krajci, Patrik"]
[Black "Kanodia, Ramit"]
[Result "1-0"]
[WhiteElo "1255"]
[BlackElo "770"]
[PlyCount "65"]
[EventDate "2020.05.28"]
[WhiteTeam "SASCA Sharks"]
[BlackTeam "Dundee"]

1. e4 e5 2. Nf3 Nc6 3. Bc4 Bc5 4. O-O d6 5. Nc3 Nf6 6. Ng5 O-O 7. a3 Ng4 8. b4
Bxf2+ 9. Rxf2 Nxf2 10. Kxf2 Qxg5 11. d4 Qh4+ 12. Kg1 exd4 13. Nd5 Qxe4 14. Nxc7
Rb8 15. Nb5 Qg6 16. g3 Bh3 17. Nxd4 Nxd4 18. Qxd4 Rfe8 19. Bd3 Re1+ 20. Kf2 Qe6
21. Bb2 f6 22. Rxe1 Qf7 23. Qxd6 Qf8 24. Bc4+ Kh8 25. Qxf8+ Rxf8 26. Re4 Bf5
27. Re7 Bxc2 28. Rxb7 Rd8 29. Rxa7 Bg6 30. b5 Rd2+ 31. Ke3 Rxb2 32. Ra8+ Be8
33. Rxe8# 1-0

[Event "Junior Online 4NCL Division 5"]
[Site "online"]
[Date "2020.05.28"]
[Round "7.176"]
[White "Shepherd, Fiontan"]
[Black "Wang, Xiaorui"]
[Result "1-0"]
[WhiteElo "458"]
[BlackElo "1030"]
[PlyCount "35"]
[EventDate "2020.05.28"]
[WhiteTeam "Dundee"]
[BlackTeam "SASCA Sharks"]

1. e4 d6 2. Nf3 Nc6 3. Bb5 Nf6 4. Nc3 a6 5. Ba4 b5 6. Bb3 Nb4 7. O-O c5 8. a3
Nc6 9. Ng5 e6 10. d3 Be7 11. Bf4 e5 12. Nxf7 Qd7 13. Nxh8 exf4 14. Nd5 Qd8 15.
Nxf6+ Bxf6 16. Qh5+ g6 17. Qxh7 Bxh8 18. Qf7# 1-0

[Event "Junior Online 4NCL Division 5"]
[Site "online"]
[Date "2020.05.28"]
[Round "7.177"]
[White "Harper, Luke"]
[Black "Baron, Alexander"]
[Result "1-0"]
[WhiteElo "1075"]
[BlackElo "216"]
[PlyCount "57"]
[EventDate "2020.05.28"]
[WhiteTeam "SASCA Sharks"]
[BlackTeam "Dundee"]

1. d4 d5 2. c4 dxc4 3. e3 Be6 4. Nc3 Nf6 5. Nf3 Nc6 6. e4 g6 7. d5 Nxd5 8. exd5
Bxd5 9. Nxd5 Qd7 10. Bxc4 Qe6+ 11. Ne3 Qf6 12. O-O e6 13. Rb1 Bd6 14. b3 g5 15.
Bb2 Qh6 16. h3 g4 17. g3 gxf3 18. Qxf3 Qxh3 19. Bxh8 O-O-O 20. Qxf7 Bc5 21.
Bxe6+ Qxe6 22. Qxe6+ Kb8 23. Bf6 Rf8 24. Nd5 Nb4 25. Nxb4 Bxb4 26. Be7 Re8 27.
Rbd1 b6 28. Qc6 Rxe7 29. Rd8# 1-0

[Event "Junior Online 4NCL Division 5"]
[Site "online"]
[Date "2020.05.28"]
[Round "7.178"]
[White "Liu, Haoqi"]
[Black "Dewis, Oliver"]
[Result "1-0"]
[WhiteElo "200"]
[BlackElo "1037"]
[PlyCount "57"]
[EventDate "2020.05.28"]
[WhiteTeam "Dundee"]
[BlackTeam "SASCA Sharks"]

1. e4 Nf6 2. Nc3 e5 3. Nf3 d6 4. Bb5+ c6 5. Bc4 d5 6. exd5 cxd5 7. Bb5+ Nc6 8.
Bxc6+ bxc6 9. Nxe5 Qe7 10. d4 c5 11. O-O cxd4 12. Qxd4 Qc5 13. Qa4+ Kd8 14.
Nxf7+ Kc7 15. Nxh8 Bd6 16. Nf7 d4 17. Nb5+ Kc6 18. Nbxd6+ Kc7 19. Nxc8 Rxc8 20.
Bf4+ Kb6 21. a3 Qh5 22. b4 Qxf7 23. Qa5+ Kb7 24. Qb5+ Ka8 25. c4 Qh5 26. c5 Qh4
27. Bd6 Ng4 28. Qc4 Rd8 29. Qd5# 1-0

[Event "Junior Online 4NCL Division 5"]
[Site "online"]
[Date "2020.05.28"]
[Round "7.181"]
[White "Brown, Charlie"]
[Black "Hanache, Kai"]
[Result "0-1"]
[WhiteElo "1262"]
[BlackElo "1217"]
[PlyCount "64"]
[EventDate "2020.05.28"]
[WhiteTeam "Robin Hoods 5"]
[BlackTeam "Hammersmith 3"]

1. e4 e5 2. Bc4 Nf6 3. d4 exd4 4. Qxd4 Nc6 5. Qd3 Ne5 6. Qd4 Nc6 7. Qd3 Ne5 8.
Qd4 Nxc4 9. Qxc4 d5 10. exd5 Qxd5 11. Qxd5 Nxd5 12. Nf3 Nb4 13. Na3 Bd6 14. O-O
O-O 15. h3 b6 16. c3 Na6 17. Nc4 Bb7 18. Nxd6 cxd6 19. Bf4 Bxf3 20. gxf3 Rad8
21. Rad1 d5 22. Kh1 Rfe8 23. Rfe1 h6 24. Be5 Re6 25. f4 Rde8 26. Rg1 f6 27. Bd4
Kh7 28. f5 Re4 29. f3 Re2 30. c4 Rc2 31. cxd5 Ree2 32. d6 Rh2# 0-1

[Event "Junior Online 4NCL Division 5"]
[Site "online"]
[Date "2020.05.28"]
[Round "7.182"]
[White "Yang, Rachel"]
[Black "Keenan, Isaac"]
[Result "1-0"]
[WhiteElo "1180"]
[BlackElo "1180"]
[PlyCount "55"]
[EventDate "2020.05.28"]
[WhiteTeam "Hammersmith 3"]
[BlackTeam "Robin Hoods 5"]

1. e4 e5 2. Nf3 Nf6 3. Nxe5 Qe7 4. d4 d6 5. Nf3 Nxe4 6. Be2 Bd7 7. O-O Ng5 8.
Bxg5 f6 9. Bh4 g5 10. Bg3 g4 11. Nfd2 Bh6 12. Re1 Qg7 13. Bxg4+ Kd8 14. Bxd7
Qxd7 15. Nc3 Rg8 16. Qe2 Qc6 17. Qe7+ Kc8 18. Nb3 Bf4 19. Qxf6 Bd2 20. Nxd2 Nd7
21. Qf3 d5 22. Qxd5 Qg6 23. Rac1 Qh6 24. Nde4 c6 25. Qxg8+ Nf8 26. Qg4+ Kd8 27.
Nc5 Qd2 28. Nxb7# 1-0

[Event "Junior Online 4NCL Division 5"]
[Site "online"]
[Date "2020.05.28"]
[Round "7.183"]
[White "Babu, Guhan"]
[Black "Singh, Simran"]
[Result "0-1"]
[WhiteElo "1105"]
[BlackElo "1120"]
[PlyCount "128"]
[EventDate "2020.05.28"]
[WhiteTeam "Robin Hoods 5"]
[BlackTeam "Hammersmith 3"]

1. e4 e5 2. Nf3 Nc6 3. Bc4 h6 4. Nc3 Nf6 5. O-O Bc5 6. h3 d6 7. d3 Be6 8. Bxe6
fxe6 9. Be3 Bb6 10. d4 exd4 11. Nxd4 Nxd4 12. Bxd4 Bxd4 13. Qxd4 e5 14. Qa4+
Qd7 15. Qxd7+ Nxd7 16. Nd5 O-O-O 17. a4 Kb8 18. b4 g5 19. c4 b6 20. a5 h5 21.
axb6 cxb6 22. c5 dxc5 23. bxc5 Nxc5 24. Nf6 Rdf8 25. Nd5 Nxe4 26. f3 Nf6 27.
Nxf6 Rxf6 28. Rab1 Rg8 29. Rfc1 g4 30. fxg4 hxg4 31. h4 g3 32. Rc5 Rh6 33. Rb4
Rd8 34. Rc1 a5 35. Rg4 Rd3 36. Rf1 b5 37. Rg8+ Kb7 38. Rf7+ Kc6 39. Rc8+ Kb6
40. Rb8+ Kc5 41. Rc7+ Kb4 42. Rc1 Rxh4 43. Rb1+ Rb3 44. Rxb3+ Kxb3 45. Rxb5+
Ka4 46. Rxe5 Rd4 47. Re1 Kb3 48. Re3+ Kb2 49. Rxg3 a4 50. Re3 a3 51. Re2+ Kc1
52. Ra2 Rd3 53. Kf2 Rd2+ 54. Rxd2 Kxd2 55. g4 a2 56. g5 a1=Q 57. g6 Qf6+ 58.
Kg3 Qxg6+ 59. Kf4 Qh5 60. Kg3 Qf5 61. Kh4 Qg6 62. Kh3 Ke2 63. Kh2 Kf2 64. Kh3
Qg3# 0-1

[Event "Junior Online 4NCL Division 5"]
[Site "online"]
[Date "2020.05.28"]
[Round "7.184"]
[White "Ewart, Samuel"]
[Black "Ying, Alexander"]
[Result "0-1"]
[WhiteElo "925"]
[BlackElo "1097"]
[PlyCount "38"]
[EventDate "2020.05.28"]
[WhiteTeam "Hammersmith 3"]
[BlackTeam "Robin Hoods 5"]

1. d4 d5 2. Bf4 Nc6 3. Nf3 Bf5 4. Nc3 e6 5. e3 Nf6 6. Bb5 a6 7. Bxc6+ bxc6 8.
O-O Bb4 9. a3 Bxc3 10. bxc3 O-O 11. Ne5 Nd7 12. Nxc6 Qf6 13. Be5 Nxe5 14. Nxe5
Qg5 15. f4 Qh6 16. Nd7 Rfd8 17. Nc5 Qg6 18. Nb7 Bh3 19. Nxd8 Qxg2# 0-1

[Event "Junior Online 4NCL Division 5"]
[Site "online"]
[Date "2020.05.28"]
[Round "7.185"]
[White "Hanache, Kai"]
[Black "Brown, Charlie"]
[Result "1-0"]
[WhiteElo "1217"]
[BlackElo "1262"]
[PlyCount "45"]
[EventDate "2020.05.28"]
[WhiteTeam "Hammersmith 3"]
[BlackTeam "Robin Hoods 5"]

1. e4 e5 2. Nf3 Nf6 3. Nxe5 Nxe4 4. Qe2 Qe7 5. Qxe4 d6 6. d4 f6 7. Nc3 Nc6 8.
Nxc6 Qxe4+ 9. Nxe4 bxc6 10. Bd3 Be7 11. O-O d5 12. Ng3 c5 13. dxc5 Bxc5 14.
Re1+ Kf7 15. Be3 Bxe3 16. Rxe3 Rf8 17. Rae1 Kg8 18. Re7 c6 19. Nh5 Kh8 20. Rxg7
Bg4 21. Rxg4 c5 22. Re7 c4 23. Rxh7# 1-0

[Event "Junior Online 4NCL Division 5"]
[Site "online"]
[Date "2020.05.28"]
[Round "7.186"]
[White "Keenan, Isaac"]
[Black "Yang, Rachel"]
[Result "0-1"]
[WhiteElo "1180"]
[BlackElo "1180"]
[PlyCount "74"]
[EventDate "2020.05.28"]
[WhiteTeam "Robin Hoods 5"]
[BlackTeam "Hammersmith 3"]

1. d4 d5 2. Bf4 Nf6 3. Nf3 Bg4 4. e3 a6 5. Bd3 Nc6 6. h3 Bh5 7. g4 Bg6 8. c3 e6
9. Bg5 h6 10. Bh4 Bd6 11. Qc2 Bxd3 12. Qxd3 O-O 13. g5 hxg5 14. Bxg5 Re8 15.
Bxf6 Qxf6 16. h4 Qxf3 17. h5 Qxh1+ 18. Ke2 Qxh5+ 19. Kd2 e5 20. dxe5 Qxe5 21.
Na3 Bxa3 22. Rh1 Bxb2 23. Qh7+ Kf8 24. Qh8+ Ke7 25. Qh4+ Qf6 26. Qg4 Bxc3+ 27.
Kd3 Nb4+ 28. Ke2 Nxa2 29. Kd3 Qg6+ 30. Ke2 Qxg4+ 31. f3 Qg2+ 32. Kd3 Qxh1 33.
Kc2 Qxf3 34. Kb3 Qxe3 35. Kc2 Qd2+ 36. Kb3 Qb2+ 37. Ka4 Qb4# 0-1

[Event "Junior Online 4NCL Division 5"]
[Site "online"]
[Date "2020.05.28"]
[Round "7.187"]
[White "Singh, Simran"]
[Black "Babu, Guhan"]
[Result "1-0"]
[WhiteElo "1120"]
[BlackElo "1105"]
[PlyCount "81"]
[EventDate "2020.05.28"]
[WhiteTeam "Hammersmith 3"]
[BlackTeam "Robin Hoods 5"]

1. e4 e5 2. Nf3 Nc6 3. Bc4 Bc5 4. d3 Nf6 5. Bg5 Nd4 6. Nxd4 Bxd4 7. c3 Bc5 8.
O-O h6 9. Bh4 g5 10. Bg3 Ng4 11. Qxg4 d5 12. Qe2 dxc4 13. dxc4 h5 14. Bxe5 Bg4
15. Qc2 f6 16. Bd4 Bxd4 17. cxd4 Qxd4 18. Nc3 O-O-O 19. Nb5 Qe5 20. Nxa7+ Kd7
21. f3 Qc5+ 22. Qf2 Qxf2+ 23. Rxf2 Be6 24. b3 Ra8 25. Nb5 c6 26. Nd4 Bf7 27.
Rd2 Kc7 28. Nf5 Be6 29. Ng7 Bg8 30. a4 b5 31. cxb5 cxb5 32. Rc1+ Kb6 33. Rd6+
Ka5 34. Rc5 Bxb3 35. Rxb5+ Kxa4 36. Rdb6 Be6 37. Nxe6 Rad8 38. Nxd8 Rxd8 39.
Rb4+ Ka5 40. Rb1 Ka4 41. Ra1# 1-0

[Event "Junior Online 4NCL Division 5"]
[Site "online"]
[Date "2020.05.28"]
[Round "7.188"]
[White "Ying, Alexander"]
[Black "Ewart, Samuel"]
[Result "1-0"]
[WhiteElo "1097"]
[BlackElo "925"]
[PlyCount "93"]
[EventDate "2020.05.28"]
[WhiteTeam "Robin Hoods 5"]
[BlackTeam "Hammersmith 3"]

1. e4 e5 2. Nf3 Nc6 3. Bc4 Bc5 4. c3 Nf6 5. d4 d6 6. dxc5 dxc5 7. Qxd8+ Nxd8 8.
Be3 Bg4 9. Be2 Bxf3 10. Bxf3 Ne6 11. O-O O-O-O 12. Nd2 g5 13. Rad1 Nh5 14. Bxh5
Ng7 15. Bxg5 Rde8 16. Bf6 Nxh5 17. Bxh8 Rxh8 18. Nc4 b5 19. Nxe5 f6 20. Nf7 Rf8
21. g4 Nf4 22. Nh6 Ne2+ 23. Kh1 Rd8 24. Rxd8+ Kxd8 25. Rd1+ Ke8 26. Rd2 Nf4 27.
Nf5 Ng6 28. Ng7+ Kf7 29. Rd7+ Kg8 30. Nf5 Kf8 31. Rxh7 Kg8 32. Rg7+ Kh8 33.
Rxg6 Kh7 34. Rxf6 Kg8 35. h4 Kh7 36. h5 Kh8 37. h6 Kh7 38. Ng7 Kh8 39. Ne6 Kh7
40. Ng5+ Kg8 41. h7+ Kh8 42. Rf7 c4 43. Rf8+ Kg7 44. h8=Q+ Kg6 45. f4 b4 46.
Qg8+ Kh6 47. Rf6# 1-0

[Event "Junior Online 4NCL Division 5"]
[Site "online"]
[Date "2020.05.28"]
[Round "7.191"]
[White "Holland, Nicolas"]
[Black "Bleeg, Elliott"]
[Result "0-1"]
[WhiteElo "1225"]
[BlackElo "1307"]
[PlyCount "88"]
[EventDate "2020.05.28"]
[WhiteTeam "Watford 4"]
[BlackTeam "Bristol Bishops"]

1. e4 e5 2. Nf3 Nc6 3. Bc4 Bc5 4. O-O Nf6 5. Nc3 O-O 6. d3 h6 7. h3 d6 8. Qe1
Qe7 9. Be3 Bxe3 10. Qxe3 Be6 11. Bxe6 Qxe6 12. Nb5 Qd7 13. b3 d5 14. Rad1 Nb4
15. Na3 Nc6 16. Qc5 dxe4 17. dxe4 Nxe4 18. Rxd7 Nxc5 19. Rxc7 Rfe8 20. Nc4 f6
21. Re1 Rac8 22. Rxc8 Rxc8 23. Nd6 Rd8 24. Nf5 e4 25. N3h4 g5 26. Ng6 Kf7 27.
Nf4 gxf4 28. Nxh6+ Kg6 29. Ng4 f5 30. Nh2 Nd4 31. Rd1 Nf3+ 32. Nxf3 Rxd1+ 33.
Kh2 exf3 34. gxf3 Rd2 35. Kg2 Rxc2 36. b4 Nd3 37. b5 Rxf2+ 38. Kg1 Rxa2 39. h4
Kh5 40. b6 axb6 41. Kf1 Kxh4 42. Kg1 Kg3 43. Kf1 b5 44. Kg1 Ra1# 0-1

[Event "Junior Online 4NCL Division 5"]
[Site "online"]
[Date "2020.05.28"]
[Round "7.192"]
[White "Saha, Soumil"]
[Black "Demyan, Leo"]
[Result "0-1"]
[WhiteElo "1075"]
[BlackElo "1157"]
[PlyCount "68"]
[EventDate "2020.05.28"]
[WhiteTeam "Bristol Bishops"]
[BlackTeam "Watford 4"]

1. d4 d5 2. c4 e6 3. cxd5 exd5 4. e3 Nf6 5. Nf3 Nc6 6. Bb5 Bd7 7. Bxc6 Bxc6 8.
O-O Qc8 9. Re1 Be7 10. Nc3 O-O 11. Qd3 a6 12. a4 b5 13. axb5 Bxb5 14. Nxb5 axb5
15. Rxa8 Qxa8 16. Qxb5 h6 17. Bd2 Bd6 18. Bb4 Bxb4 19. Qxb4 Rb8 20. Qc5 c6 21.
Ne5 Rc8 22. b4 Rc7 23. Qd6 Ra7 24. Nxc6 Ra1 25. Rf1 Qa6 26. Ne7+ Kh7 27. Qxa6
Rxa6 28. f4 Rb6 29. Nc8 Rxb4 30. Nd6 Kg8 31. Rc1 Ne4 32. Rc8+ Kh7 33. Nxf7 Rb1+
34. Rc1 Rxc1# 0-1

[Event "Junior Online 4NCL Division 5"]
[Site "online"]
[Date "2020.05.28"]
[Round "7.193"]
[White "Khandelwal, Akshaj"]
[Black "Clegg, Anya"]
[Result "1-0"]
[WhiteElo "1150"]
[BlackElo "1142"]
[PlyCount "61"]
[EventDate "2020.05.28"]
[WhiteTeam "Watford 4"]
[BlackTeam "Bristol Bishops"]

1. e4 e5 2. Nf3 Nc6 3. Bc4 d6 4. Nc3 Nf6 5. O-O g6 6. h3 Bg7 7. d3 O-O 8. Be3
Qe8 9. Re1 Be6 10. Bb5 d5 11. exd5 Nxd5 12. Nxd5 Bxd5 13. d4 e4 14. Nd2 Qe6 15.
c4 Nxd4 16. cxd5 Qxd5 17. Bc4 Qf5 18. Bxd4 Bxd4 19. Kh1 Rfe8 20. f3 exf3 21.
Rxe8+ Rxe8 22. Qxf3 Qxf3 23. Nxf3 Bxb2 24. Rb1 Ba3 25. Rxb7 Bd6 26. Rxa7 Rb8
27. Bb3 Kg7 28. Ng5 Re8 29. Nf3 Re2 30. a4 Rf2 31. a5 1-0